| 000 | 00532nam a22002057a 4500 | ||
|---|---|---|---|
| 003 | OSt | ||
| 005 | 20210427062632.0 | ||
| 008 | 210313s2003 ||||| |||| 00| 0 eng d | ||
| 020 | _a2831565651 | ||
| 040 |
_aeng _beng _cDLC |
||
| 041 |
_aeng _achi |
||
| 080 |
_a811-3 _bM-24 |
||
| 245 |
_aMandarin Chinese Phrase Book _c/ by: Berlitz Publishing |
||
| 260 |
_aSingapore _bBerlitz Publishing _c2003 |
||
| 300 | _a224 p. | ||
| 365 | _b8.95 usd | ||
| 650 | 0 |
_9452 _aDictionary |
|
| 653 | _aლექსიკონი | ||
| 942 |
_2udc _cBK |
||
| 999 |
_c2232 _d2232 |
||